BUSINESS DATA COMMUNICATIONS AND NETWORKING (Record no. 216837)

MARC details
000 -LEADER
fixed length control field 00551nam a22001937a 4500
008 - FIXED-LENGTH DATA ELEMENTS--GENERAL INFORMATION
fixed length control field 260318b |||||||| |||| 00| 0 eng d
020 ## - INTERNATIONAL STANDARD BOOK NUMBER
International Standard Book Number 9781119441113
050 ## - LIBRARY OF CONGRESS CALL NUMBER
Classification number TK 5105.F577 2017
100 ## - MAIN ENTRY--PERSONAL NAME
Personal name FITZGERALD JERRY
245 ## - TITLE STATEMENT
Title BUSINESS DATA COMMUNICATIONS AND NETWORKING
250 ## - EDITION STATEMENT
Edition statement 13th
260 ## - PUBLICATION, DISTRIBUTION, ETC.
Place of publication, distribution, etc. NEWYORK
Name of publisher, distributor, etc. WILEY
Date of publication, distribution, etc. 2017
300 ## - PHYSICAL DESCRIPTION
Extent X,388
500 ## - GENERAL NOTE
General note INCLUDES AN INDEX
650 ## - SUBJECT ADDED ENTRY
Topical term or geographic name entry element Data transmission systems-computer networkss-office practice-automation
700 ## - ADDED ENTRY--PERSONAL NAME
Personal name DENNIS ALAN
942 ## - ADDED ENTRY ELEMENTS (KOHA)
Source of classification or shelving scheme Library of Congress Classification
Koha item type Long Loan Book
Holdings
Withdrawn status Lost status Source of classification or shelving scheme Damaged status Not for loan Collection Home library Current library Shelving location Date acquired Inventory number Total checkouts Full call number Barcode Date last seen Copy number Price effective from Koha item type
    Library of Congress Classification     Science & Technology Kisii University Library Kisii University Library On Display 03/18/2026 112444   TK 5105.F577 2017 A001084 03/18/2026 C.4 03/18/2026 Long Loan Book
    Library of Congress Classification     Science & Technology Kisii University Library Kisii University Library On Display 03/18/2026 112441   TK 5105.F577 2017 A001083 03/18/2026 C.1 03/18/2026 Long Loan Book
    Library of Congress Classification     Science & Technology Kisii University Library Kisii University Library On Display 03/18/2026 112442   TK 5105.F577 2017 A001085 03/18/2026 C.2 03/18/2026 Long Loan Book
    Library of Congress Classification     Science & Technology Kisii University Library Kisii University Library On Display 03/18/2026 112443   TK 5105.F577 2017 A001199 03/18/2026 C.3 03/18/2026 Long Loan Book